[Event "Chicago op 26th"]
[Site "Chicago"]
[Date "2017.05.26"]
[Round "2"]
[White "Gustafsson, Alexander K"]
[Black "Betaneli, Aleksandr"]
[Result "0-1"]
[WhiteElo "1974"]
[BlackElo "2218"]
[PlyCount "66"]
[EventDate "2017.05.25"]
[EventType "swiss"]
[EventRounds "9"]
[EventCountry "USA"]
[SourceTitle "CBM 178 Extra"]
[Source "ChessBase"]
[SourceDate "2017.06.22"]
[SourceVersion "1"]
[SourceVersionDate "2017.06.22"]
[SourceQuality "1"]

1. d4 d5 2. Bf4 Nf6 3. e3 e6 4. Nf3 Bd6 5. Bg3 0-0 6. Nbd2 b6 7. Bd3 Bb7 8. Ne5 c5 9. c3 Nc6 10. f4 Ne7 11. Qf3 Nf5 12. Bf2 Be7 13. h4 Nd6 14. h5 Nfe4 15. g4 Nxd2 16. Kxd2 Ne4+ 17. Ke2 cxd4 18. exd4 Bf6 19. g5 Bxe5 20. dxe5 Nxf2 21. Kxf2 Qe7 22. Rac1 Rac8 23. Bb1 d4 24. Qd3 g6 25. Rhd1 dxc3 26. Rxc3 Qb4 27. Qd2 Rcd8 28. Rd3 Qc5+ 29. Qe3 Rxd3 30. Qxc5 Rf3+ 31. Ke2 bxc5 32. Rd7 Bc6 33. Rd6 Ba8 0-1

[Event "US Open-113"]
[Site "Vancouver"]
[Date "2012.08.08"]
[Round "5"]
[White "Raptis, Nick"]
[Black "Gustafsson, Alexander K"]
[Result "1-0"]
[WhiteElo "2268"]
[BlackElo "1947"]
[PlyCount "113"]
[EventDate "2012.08.04"]
[EventType "swiss"]
[EventRounds "9"]
[EventCountry "USA"]
[SourceTitle "CBM 149 Extra"]
[Source "ChessBase"]
[SourceDate "2012.08.24"]
[SourceVersion "1"]
[SourceVersionDate "2012.08.24"]
[SourceQuality "1"]

1. Nf3 Nf6 2. c4 g6 3. Nc3 d5 4. d4 Bg7 5. Bf4 0-0 6. e3 c5 7. dxc5 Ne4 8. Rc1 Nxc3 9. bxc3 Qa5 10. Qb3 dxc4 11. Bxc4 Qxc5 12. Ng5 e6 13. 0-0 Nd7 14. Rfd1 Nb6 15. Bb5 e5 16. Bg3 Bg4 17. Rd2 h6 18. Ne4 Qc7 19. Qb4 Rfd8 20. Rxd8+ Rxd8 21. Nf6+ Bxf6 22. Qxg4 a6 23. Ba4 Nxa4 24. Qxa4 Qd7 25. Qb3 Qd2 26. Qb1 h5 27. h4 b5 28. c4 Rc8 29. Rd1 Qa5 30. cxb5 Rb8 31. Rd5 Rxb5 32. Rxb5 axb5 33. e4 Kf8 34. f3 Be7 35. Bf2 Qa4 36. Qb2 f6 37. Qd2 Kg7 38. Qd7 Qb4 39. Kh2 Kf7 40. Qd5+ Kg7 41. Qb7 Kf7 42. Qa8 Bf8 43. Bg3 Qc5 44. Qb7+ Be7 45. f4 exf4 46. Bxf4 Ke6 47. Qa8 g5 48. Bg3 gxh4 49. Bxh4 Bd6+ 50. Bg3 Bxg3+ 51. Kxg3 Ke5 52. Kh4 Kf4 53. g3+ Ke3 54. Qd5 Qc4 55. Kxh5 Qxe4 56. Qc5+ Kf3 57. Qc3+ 1-0

[Event "US Open-113"]
[Site "Vancouver"]
[Date "2012.08.06"]
[Round "3"]
[White "Guadalupe, Francisco II"]
[Black "Gustafsson, Alexander K"]
[Result "0-1"]
[WhiteElo "2222"]
[BlackElo "1947"]
[PlyCount "106"]
[EventDate "2012.08.04"]
[EventType "swiss"]
[EventRounds "9"]
[EventCountry "USA"]
[SourceTitle "CBM 149 Extra"]
[Source "ChessBase"]
[SourceDate "2012.08.24"]
[SourceVersion "1"]
[SourceVersionDate "2012.08.24"]
[SourceQuality "1"]

1. e4 c5 2. Nf3 Nc6 3. d4 cxd4 4. Nxd4 Nf6 5. Nc3 e5 6. Ndb5 d6 7. Bg5 a6 8. Na3 b5 9. Nd5 Be7 10. Bxf6 Bxf6 11. c4 b4 12. Nc2 0-0 13. Qd3 Bg5 14. Rd1 f5 15. Nde3 f4 16. Nd5 Rb8 17. Be2 Be6 18. 0-0 a5 19. b3 Qc8 20. Ra1 Bd8 21. a3 bxa3 22. Rxa3 g5 23. Rd1 g4 24. Qc3 f3 25. Bf1 fxg2 26. Bxg2 Bh4 27. Rf1 Rb7 28. Nde3 Rbf7 29. Nd1 Qd7 30. Qd2 Rf4 31. Qe3 h5 32. Qd2 Qe7 33. Ra2 Bg5 34. Nde3 Qd8 35. Qd1 Ne7 36. b4 axb4 37. Nxb4 Ng6 38. Ra6 Rxf2 39. Nf5 Rxf1+ 40. Bxf1 Bxf5 41. exf5 Be3+ 42. Kh1 Rxf5 43. Bg2 Kg7 44. Qd3 Qg5 45. Qxd6 Bd4 46. Qxg6+ Qxg6 47. Rxg6+ Kxg6 48. Be4 Kg5 49. Bxf5 Kxf5 50. Kg2 e4 51. Nc2 Bc5 52. h3 Kf4 53. Ne1 g3 0-1